=LDR 00000nam 2200000 4500 =001 INLIS000000000033215 =005 20130612135202 =008 ***********************************ind** =035 ##$$0010-061300000033215 =041 ##$$a ind =082 ##$$a 658 =090 ##$$a 658, Wah m =100 ##$$a WAHYUDI, Dr =245 ##$$a Manajemen Konflik Dalam Organisasi : Pedoman Praktis Bagi Pemimpin Visioner / De.Wahyudi ; editor, Dr.H.Akdon =260 ##$$a 2008 $b Bandung =300 ##$$a xi, 156 hlm, ilus, 24 cm =650 ##$$a Manajemen =700 ##$$a Akdon, H =850 ##$$a NBPNMAT =990 ##$$a 94225/BPAP-NTB/2014 =990 ##$$a 21400613/BPAP-NTB/20142014 =990 ##$$a 0001/BPAP-NTB/2015 =990 ##$$a 21603119/BPAP-NTB/2017